000 02596nam a2200349 a 4500
003 PE-LiUPU
005 20250731184119.0
008 190214s2015 ag fr 001 0 spa
020 _a9789502325309
040 _aAR-BaBN
_bspa
_cPE-LiUPU
_erda
_dPE-LiUPU
080 1 _a001.811:347.964.1
_22016
082 _223
_a801
_bF951c
100 1 _aFucito, Marina
245 1 0 _aCurso práctico de redacción para abogados :
_brecomendaciones para mejorar el estilo de los escritos jurídicos /
_cMarina Fucito.
250 _aPrimera edición.
264 _aBuenos Aires :
_bEudeba,
_c2015.
300 _a95 páginas ;
_c24 centímetros.
490 1 _a(Cuadernos de Eudeba ;
_v226)
504 _aIncluye notas y referencias bibliográficas a pie de página.
504 _aBibliografía: p. 93-95.
505 2 _aProblemas de estilo -- Clases de palabras -- Las oraciones -- Recomendaciones finales -- La puntuación -- Los dos niveles de discurso -- Primer discurso: signos correspondientes -- Segundo discurso dentro del discurso: paréntesis, rayas, comillas y corchetes -- Distribución de la información en el escrito: tipos de párrafo y sus funciones -- El orden de las ideas -- Tipos de párrafo -- La estructura del texto: orden de párrafos recomendado -- La cita -- Las distintas maneras de citar -- La cita textual -- Maneras de remitir a la fuente -- Función de las notas al pie.
520 3 _aCon el objeto de agilizar la redacción de los escritos jurídicos y asegurarles mayor eficacia a sus autores, este manual propone algunas estrategias para mejorar el estilo de la composición de textos. Para ello comienza por elaborar un diagnóstico de las dificultades más frecuentes de la producción escrita del ámbito jurídico y ofrece una serie de estrategias para resolverlas. Mediante explicaciones sencillas y ejemplos, se brinda a los profesionales y a los estudiantes una herramienta de gran utilidad para mejorar su desempeño en la escritura. En un amplio abanico de subgéneros, que incluye desde los documentos profesionales hasta las obras académicas, el curso práctico aborda cuatro ejes fundamentales: problemas de estilo, la puntuación, la distribución de la información en el escrito, y la cita.
_c(Descripción del editor).
526 _aP145
526 _aP127
526 _aP97
526 _aP14
526 _aP07
650 1 4 _aEscritos judiciales
_xRedacción
751 _aBuenos Aires
_elugar de publicación
942 _2ddc
_cBK
999 _c62489
_d62488
980 _618226
_aJaime Vilcazán Jefe de Análisis Documental
_81
_gALBERTO SANCHEZ Responsable de Automatización